000 00670nam a2200217Ia 4500
001 2990
003 GE_BSU
008 181216s||||||||xx |||||||||||||| ||und||
040 _cGE_BSU
080 _a665.6:66(075.32)
100 _aМолоканов,Ю.К.
245 _aПроцессы и аппараты нефтегазопереработки.
245 _bУчебник для техникумов.
245 _cРед.Л.Швыркова
260 _aМ.
260 _bХимия.
260 _c1980.
300 _a408 стр.22см. с илл.
653 _aПроцессы и аппараты нефтегазопереработки.
942 _cBK
999 _c37036
_d37036